| 000 | 00623nam a2200205Ii 4500 | ||
|---|---|---|---|
| 001 | 13525 | ||
| 003 | CO-ViMGA | ||
| 008 | 241108s9999||||xx |||||||||||||| ||und|| | ||
| 040 |
_aCO-ViMGA _bspa _erda _cCO-ViMGA |
||
| 041 | 0 | _aspa | |
| 082 | 0 | 4 | _aF.FC 781.68 - S15m |
| 100 | 1 |
_aEnrique Sánchez Hernani _946509 |
|
| 245 | 1 | 0 | _aMúsica para ciegos |
| 264 | 1 | _aLima, Perú : El Santo Oficio, [Fecha de publicación no identificada] | |
| 300 | _avolumen | ||
| 336 |
_atext _btxt _2rdacontent |
||
| 337 |
_aunmediated _bn _2rdamedia |
||
| 338 |
_avolume _bnc _2rdacarrier |
||
| 940 | _aidficha_siabuc: 13227. -- ficha_no_siabuc:13525 | ||
| 999 |
_c41075 _d41075 |
||